[Event "Quebec-ch U12"]
[Site "Montreal"]
[Date "2006.03.03"]
[Round "1"]
[White "Pratt, Joey"]
[Black "Roy, Myriam"]
[Result "0-1"]
[WhiteElo "803"]
[BlackElo "1613"]
[PlyCount "62"]
[EventDate "2006.03.03"]
[EventType "swiss"]
[EventRounds "5"]
[EventCountry "CAN"]
[SourceTitle "EXT 2007"]
[Source "ChessBase"]
[SourceDate "2006.11.23"]
[SourceVersion "1"]
[SourceVersionDate "2006.11.23"]
[SourceQuality "1"]

1. e4 c5 2. d4 cxd4 3. Qxd4 Nc6 4. Qd2 d6 5. Bb5 Bd7 6. Bxc6 Bxc6 7. Nc3 Nf6 8. Qe2 g6 9. Bg5 Bg7 10. Bxf6 Bxf6 11. Rd1 Qb6 12. Na4 Bxa4 13. b3 Bc3+ 14. Kf1 Bb5 15. Rd3 Bxd3 16. Qxd3 Rc8 17. Nf3 a6 18. g4 0-0 19. Ng5 Qd4 20. Qf3 Qd2 21. Qe2 Qxg5 22. f3 Qc1+ 23. Kf2 Qxh1 24. Qf1 Bd4+ 25. Ke1 Bf2+ 26. Ke2 Rxc2+ 27. Kd1 Qxf1+ 28. Kxc2 Rc8+ 29. Kd2 Qc1+ 30. Ke2 Qe3+ 31. Kd1 Rc1# 0-1